Pocket companion to Guyton and Hall textbook of medical physiology

Main Author: Hall, John Edward
Edition: Thirteenth edition.
Subjects:
Online Access: http://library.unisel.edu.my/equip-unisel/custom/ebook_catalog/ebook/PocketCompaniontoGuytonandHallTextbookofMedicalPhysiology (2).pdf
LEADER 00917cam a2200229 7i4500
001 0000058841
005 20210414090000.0
020 |a 9781455770069 (electronic book)  
090 0 0 |a QP35   |b .H35 2016 
100 1 |a Hall, John Edward  
245 1 0 |a Pocket companion to Guyton and Hall textbook of medical physiology   |c John E. Hall. 
250 |a Thirteenth edition. 
264 |a Philadelphia, PA:   |b Elsevier,   |c 2016. 
300 |a 1 online resource (xvi, 704 pages):   |b color illustrations, text file, PDF. 
336 |a text  |2 rdacontent 
337 |a computer  |2 rdamedia 
338 |a online resource  |2 rdacarrier 
650 0 0 |a Physiological Phenomena  
655 0 0 |a Electronic books 
856 4 2 |u http://library.unisel.edu.my/equip-unisel/custom/ebook_catalog/ebook/PocketCompaniontoGuytonandHallTextbookofMedicalPhysiology (2).pdf 
997 |a Health Sciences, Faculty 
999 |a EBO0005251  |b EBOOK  |c EBOOK  |e Electronic resources